[Event "37. Copenhagen Open (Politiken Cup)"]
[Site "Elsinore"]
[Date "2015.07.26"]
[Round "2"]
[White "Henrichsen, Jens"]
[Black "Skovgaard, Andreas"]
[Result "1/2-1/2"]
[WhiteElo "2047"]
[BlackElo "1649"]
[PlyCount "64"]
[EventDate "2015.07.25"]
[EventType "swiss"]
[EventRounds "10"]
[EventCountry "DEN"]
[Source "ChessBase"]
[SourceDate "2015.09.14"]

1. d4 d5 2. c4 c6 3. Nf3 Nf6 4. e3 e6 5. Nc3 Nbd7 6. Bd3 Bd6 7. e4 dxe4 8. Nxe4
Nxe4 9. Bxe4 Nf6 10. Bc2 O-O 11. O-O h6 12. Qe2 Re8 13. b3 b6 14. Rd1 Qc7 15.
Bb2 Be7 16. a3 a6 17. Re1 Bb7 18. Rad1 Rad8 19. Ne5 c5 20. Nxf7 Kxf7 21. Qxe6+
Kf8 22. Bg6 Bd6 23. Bxe8 Bxh2+ 24. Kh1 Rxe8 25. Qh3 Ne4 26. Qxh2 Nxf2+ 27. Kg1
Qxh2+ 28. Kxh2 Nxd1 29. Rxd1 Re2 30. Bc3 Rxg2+ 31. Kh3 Rf2 32. Rd3 Rf3+ 1/2-1/2

[Event "37. Copenhagen Open (Politiken Cup)"]
[Site "Elsinore"]
[Date "2015.07.26"]
[Round "2"]
[White "Hillarp Persson, Tiger"]
[Black "Poulsen, Iver"]
[Result "1-0"]
[WhiteElo "2563"]
[BlackElo "2119"]
[PlyCount "41"]
[EventDate "2015.07.25"]
[EventType "swiss"]
[EventRounds "10"]
[EventCountry "DEN"]
[Source "ChessBase"]
[SourceDate "2015.09.14"]

1. d4 f5 2. h3 d6 3. g4 e5 4. dxe5 Nc6 5. Bg2 fxg4 6. hxg4 Nxe5 7. g5 Be7 8. f4
Ng4 9. Qd4 Kf8 10. Bd2 Qe8 11. Nc3 c5 12. Qd3 h5 13. Nf3 Be6 14. Nh4 Bf7 15.
Bd5 Bxd5 16. Nxd5 Bd8 17. Ng6+ Kf7 18. Nxh8+ Kf8 19. Ng6+ Kf7 20. Qf5+ N8f6 21.
gxf6 1-0

[Event "37. Copenhagen Open (Politiken Cup)"]
[Site "Elsinore"]
[Date "2015.07.26"]
[Round "2"]
[White "Hinrichs, Kurt"]
[Black "Opasiak, Dustin Tennessee"]
[Result "0-1"]
[WhiteElo "1268"]
[BlackElo "1791"]
[PlyCount "56"]
[EventDate "2015.07.25"]
[EventType "swiss"]
[EventRounds "10"]
[EventCountry "DEN"]
[Source "ChessBase"]
[SourceDate "2015.09.14"]

1. d4 d5 2. Bf4 Nf6 3. e3 e6 4. c4 Bd6 5. Bg3 O-O 6. Nc3 Re8 7. Be2 Bxg3 8.
hxg3 Nbd7 9. Nf3 Nb6 10. c5 Nbd7 11. Qc2 c6 12. Ne5 Nf8 13. Bh5 Nxh5 14. Rxh5
f6 15. Ng4 e5 16. dxe5 Bxg4 17. Rh4 Bd7 18. f4 fxe5 19. Kd2 exf4 20. exf4 Qf6
21. Rah1 Bf5 22. Qd1 Qd4+ 23. Kc1 Qxd1+ 24. Kxd1 Re7 25. g4 Be4 26. R1h2 Rae8
27. g3 d4 28. Ne2 Bf3 0-1

[Event "37. Copenhagen Open (Politiken Cup)"]
[Site "Elsinore"]
[Date "2015.07.26"]
[Round "2"]
[White "Hjornevik, Knut Jarle"]
[Black "Hojem, Roger"]
[Result "1-0"]
[WhiteElo "1958"]
[BlackElo "1738"]
[PlyCount "109"]
[EventDate "2015.07.25"]
[EventType "swiss"]
[EventRounds "10"]
[EventCountry "DEN"]
[Source "ChessBase"]
[SourceDate "2015.09.14"]

1. d4 Nf6 2. c4 g6 3. Nc3 d5 4. Bf4 c6 5. e3 e6 6. h3 Bg7 7. Nf3 O-O 8. Qc2
Nbd7 9. Be2 Re8 10. O-O b6 11. Rfd1 Bb7 12. b4 dxc4 13. Bxc4 b5 14. Be2 a6 15.
e4 Rc8 16. Rac1 a5 17. a3 a4 18. Qd2 Qe7 19. Bg5 Qf8 20. e5 Nd5 21. Ne4 Rc7 22.
Rc2 f6 23. exf6 N7xf6 24. Nxf6+ Bxf6 25. Bxf6 Qxf6 26. g3 Rf7 27. Qg5 Ref8 28.
Qxf6 Rxf6 29. Rd3 Kg7 30. Rc5 Ba8 31. Kg2 Bb7 32. Bd1 Ba8 33. Rd2 Nb6 34. Ne5
Nc4 35. Nxc4 bxc4 36. f4 Rf5 37. Bxa4 Rxc5 38. dxc5 Bb7 39. Kf3 Kf6 40. Rd7 Ra8
41. Rxb7 Rxa4 42. Ke4 Rxa3 43. b5 cxb5 44. c6 Ra8 45. Rxb5 Rc8 46. Rc5 Rc7 47.
Rxc4 Rc8 48. Kd4 Ke7 49. Kc5 h6 50. Rb4 Rd8 51. c7 Rd5+ 52. Kc6 Rd1 53. Rc4
Rd6+ 54. Kb7 Rd7 55. Kb8 1-0

[Event "37. Copenhagen Open (Politiken Cup)"]
[Site "Elsinore"]
[Date "2015.07.26"]
[Round "2"]
[White "Hogeman, Joel"]
[Black "Maselli, Daniel"]
[Result "1-0"]
[WhiteElo "1946"]
[BlackElo "1717"]
[PlyCount "45"]
[EventDate "2015.07.25"]
[EventType "swiss"]
[EventRounds "10"]
[EventCountry "DEN"]
[Source "ChessBase"]
[SourceDate "2015.09.14"]

1. d4 f5 2. g3 Nf6 3. Bg2 d5 4. Nf3 e6 5. O-O Bd6 6. c4 c6 7. Qc2 O-O 8. Nc3
Qe8 9. Rb1 Kh8 10. b4 h6 11. b5 Rg8 12. Qa4 g5 13. Ba3 Bxa3 14. Qxa3 f4 15. Ne5
h5 16. Qd6 Bd7 17. bxc6 Nxc6 18. cxd5 Nxd4 19. dxe6 Nxe6 20. Rxb7 Rc8 21. Nxd7
Nxd7 22. Rxd7 Rxc3 23. Re7 1-0

[Event "37. Copenhagen Open (Politiken Cup)"]
[Site "Elsinore"]
[Date "2015.07.26"]
[Round "2"]
[White "Howell, Alun"]
[Black "Andreassen, Mikkel"]
[Result "0-1"]
[WhiteElo "1732"]
[BlackElo "1954"]
[PlyCount "74"]
[EventDate "2015.07.25"]
[EventType "swiss"]
[EventRounds "10"]
[EventCountry "DEN"]
[Source "ChessBase"]
[SourceDate "2015.09.14"]

1. Nf3 Nf6 2. d4 d5 3. c4 c6 4. e3 e6 5. Nc3 Nbd7 6. Bd3 Bd6 7. O-O O-O 8. cxd5
exd5 9. a3 Re8 10. Qc2 Nf8 11. h3 Ng6 12. b4 Bd7 13. b5 Qc8 14. bxc6 bxc6 15.
e4 Bxh3 16. e5 Bxg2 17. Bf5 Qd8 18. Kxg2 Nxe5 19. dxe5 Bxe5 20. Nxe5 Rxe5 21.
Bf4 Re8 22. Rfd1 Qa5 23. Qd3 g6 24. Bh3 Nh5 25. Be3 Rad8 26. Ne2 Re4 27. Rac1
Qc7 28. f3 Ree8 29. Bf2 Rxe2 30. Kf1 Rxf2+ 31. Kxf2 Qg3+ 32. Kf1 Qxh3+ 33. Kf2
Qg3+ 34. Kf1 Nf4 35. Qe3 d4 36. Qf2 Qh3+ 37. Kg1 Rd5 0-1

[Event "37. Copenhagen Open (Politiken Cup)"]
[Site "Elsinore"]
[Date "2015.07.26"]
[Round "2"]
[White "Huse, Lars Paul"]
[Black "Pedersen, Carl Aage"]
[Result "0-1"]
[WhiteElo "1170"]
[BlackElo "1778"]
[PlyCount "70"]
[EventDate "2015.07.25"]
[EventType "swiss"]
[EventRounds "10"]
[EventCountry "DEN"]
[Source "ChessBase"]
[SourceDate "2015.09.14"]

1. e4 c5 2. Nf3 d6 3. Bc4 Nf6 4. d3 e6 5. Nc3 Nc6 6. a3 Be7 7. O-O a6 8. Be3
O-O 9. Rb1 b5 10. Ba2 Qc7 11. h3 Bb7 12. Qe2 Rac8 13. Rbc1 h6 14. Nh2 b4 15.
axb4 Nxb4 16. Bc4 d5 17. exd5 exd5 18. Ng4 Kh7 19. Nxf6+ Bxf6 20. Nxd5 Bxd5 21.
c3 Bxc4 22. dxc4 Nc6 23. Qc2+ Kg8 24. f4 Ne7 25. g4 Ng6 26. g5 hxg5 27. fxg5
Qg3+ 28. Qg2 Qxe3+ 29. Kh2 Qxg5 30. Qg4 Qxg4 31. hxg4 Be5+ 32. Kh3 Nf4+ 33. Kh4
f6 34. g5 Nd3 35. Ra1 fxg5+ 0-1

[Event "37. Copenhagen Open (Politiken Cup)"]
[Site "Elsinore"]
[Date "2015.07.26"]
[Round "2"]
[White "Huse, Sigurd Kjelsbol"]
[Black "Stam, Bart"]
[Result "1/2-1/2"]
[WhiteElo "1715"]
[BlackElo "1946"]
[PlyCount "107"]
[EventDate "2015.07.25"]
[EventType "swiss"]
[EventRounds "10"]
[EventCountry "DEN"]
[Source "ChessBase"]
[SourceDate "2015.09.14"]

1. e4 c5 2. Nf3 d6 3. Bb5+ Nd7 4. O-O a6 5. Bd3 Ngf6 6. c3 g6 7. Bc2 Bg7 8. d4
O-O 9. Nbd2 Qc7 10. Nb3 c4 11. Nbd2 b5 12. Re1 e6 13. Nf1 Bb7 14. Ng3 Rfe8 15.
Bd2 Nb6 16. a4 bxa4 17. Bxa4 Reb8 18. Qe2 a5 19. Bf4 Nfd7 20. Nd2 e5 21. Be3
Nxa4 22. Rxa4 Nb6 23. Ra2 exd4 24. Bxd4 Bxd4 25. cxd4 Re8 26. Rc1 d5 27. b3 Ba6
28. Rxa5 c3 29. Rxa6 Rxa6 30. Qxa6 cxd2 31. Rd1 dxe4 32. Rxd2 Qc1+ 33. Nf1 Ra8
34. Qe2 Ra1 35. d5 Nd7 36. d6 Qc3 37. Rd1 Rxd1 38. Qxd1 Kg7 39. Ng3 e3 40. Ne2
exf2+ 41. Kxf2 Qf6+ 42. Kg1 Qe6 43. Qd3 f6 44. h3 Nc5 45. Qd1 Kf7 46. Nf4 Qe3+
47. Kh1 Qxf4 48. d7 Ne6 49. d8=Q Nxd8 50. Qd7+ Kf8 51. Qxd8+ Kf7 52. Qd7+ Kg8
53. Qd5+ Kg7 54. Qd7+ 1/2-1/2

[Event "37. Copenhagen Open (Politiken Cup)"]
[Site "Elsinore"]
[Date "2015.07.26"]
[Round "2"]
[White "Ivarsson, Torbjorn"]
[Black "Aagaard, Jacob"]
[Result "1/2-1/2"]
[WhiteElo "2100"]
[BlackElo "2506"]
[PlyCount "63"]
[EventDate "2015.07.25"]
[EventType "swiss"]
[EventRounds "10"]
[EventCountry "DEN"]
[Source "ChessBase"]
[SourceDate "2015.09.14"]

1. e4 c5 2. Nf3 e6 3. g3 d5 4. exd5 exd5 5. d4 Nc6 6. Bg2 Bg4 7. dxc5 Bxc5 8.
O-O Nge7 9. c3 O-O 10. h3 Bf5 11. Nd4 Bg6 12. Be3 Qb6 13. Nxc6 bxc6 14. Bxc5
Qxc5 15. Nd2 a5 16. Rc1 Rab8 17. b3 Nf5 18. Kh2 Rfe8 19. Nf3 Qa3 20. Qd2 a4 21.
Nd4 Rbc8 22. c4 Nxd4 23. Qxd4 Qxa2 24. cxd5 axb3 25. d6 Red8 26. d7 Rb8 27.
Rxc6 b2 28. Rb6 Qa7 29. Re1 f6 30. Bd5+ Kh8 31. Rxb8 Qxb8 32. Be4 1/2-1/2

[Event "37. Copenhagen Open (Politiken Cup)"]
[Site "Elsinore"]
[Date "2015.07.26"]
[Round "2"]
[White "Jacobsen, Caroline Beer"]
[Black "Dalsberg, Sandra de Blecourt"]
[Result "0-1"]
[WhiteElo "1666"]
[BlackElo "2157"]
[PlyCount "66"]
[EventDate "2015.07.25"]
[EventType "swiss"]
[EventRounds "10"]
[EventCountry "DEN"]
[Source "ChessBase"]
[SourceDate "2015.09.14"]

1. e4 d5 2. exd5 Qxd5 3. Nc3 Qa5 4. g3 Nf6 5. Nge2 Bd7 6. Bg2 Bc6 7. f3 Qb6 8.
d3 e6 9. Ne4 Nd5 10. d4 Nd7 11. O-O Bb5 12. c3 c5 13. dxc5 Nxc5 14. Kh1 Qa6 15.
Nxc5 Bxc5 16. Nd4 Bxf1 17. Bxf1 Qb6 18. Qa4+ Kf8 19. Qb5 Qxb5 20. Nxb5 h5 21.
Bd2 Rd8 22. c4 Ne3 23. Bc3 a6 24. Na3 Nd1 25. Nc2 Nxc3 26. bxc3 Rd2 27. Ne1 h4
28. g4 Bd6 29. h3 Ke7 30. Rb1 Rb8 31. Ra1 Rd8 32. Ng2 g5 33. a4 Bf4 0-1

[Event "37. Copenhagen Open (Politiken Cup)"]
[Site "Elsinore"]
[Date "2015.07.26"]
[Round "2"]
[White "Jacobsen, Mikkel Manosri"]
[Black "Hoare, Amy B"]
[Result "1-0"]
[WhiteElo "2370"]
[BlackElo "2069"]
[PlyCount "57"]
[EventDate "2015.07.25"]
[EventType "swiss"]
[EventRounds "10"]
[EventCountry "DEN"]
[Source "ChessBase"]
[SourceDate "2015.09.14"]

1. d4 d5 2. c4 e6 3. cxd5 exd5 4. Nc3 Nf6 5. Bg5 Be7 6. Qc2 c6 7. e3 Nbd7 8.
Bd3 O-O 9. Nge2 Re8 10. O-O Nf8 11. f3 g6 12. e4 Ne6 13. Bxf6 Bxf6 14. e5 Bg7
15. Kh1 c5 16. dxc5 Bxe5 17. f4 Bg7 18. Nb5 Qe7 19. Rac1 Rd8 20. f5 Ng5 21. Ng3
Ne4 22. Nxe4 dxe4 23. Bxe4 Bh6 24. fxg6 hxg6 25. Rce1 Rd2 26. Bd5 Qg5 27. Bxf7+
Kh7 28. Bxg6+ Qxg6 29. Re7+ 1-0

[Event "37. Copenhagen Open (Politiken Cup)"]
[Site "Elsinore"]
[Date "2015.07.26"]
[Round "2"]
[White "Jarlnaes, Erik"]
[Black "Christiansen, Niels Jorgen"]
[Result "1/2-1/2"]
[WhiteElo "1892"]
[BlackElo "1625"]
[PlyCount "85"]
[EventDate "2015.07.25"]
[EventType "swiss"]
[EventRounds "10"]
[EventCountry "DEN"]
[Source "ChessBase"]
[SourceDate "2015.09.14"]

1. e4 d5 2. exd5 Qxd5 3. Nc3 Qa5 4. d4 Nf6 5. Nf3 Bg4 6. Be2 e6 7. O-O Nc6 8.
Bb5 Qb6 9. h3 Bh5 10. g4 Bg6 11. Ne5 O-O-O 12. Bxc6 bxc6 13. Qf3 Kb7 14. Be3
Nd5 15. Nxf7 Bxf7 16. Qxf7 Bd6 17. Nxd5 cxd5 18. Kg2 Rdf8 19. Qxe6 Qc6 20. g5
h6 21. c3 Re8 22. Qg6 hxg5 23. Bxg5 Qd7 24. Qd3 Rh5 25. f4 Re2+ 26. Qxe2 Qxh3+
27. Kf2 Rxg5 28. Ke1 Rg2 29. Qf3 Qh2 30. Rf2 Rg1+ 31. Rf1 Rg2 32. Qxd5+ Kb8 33.
Qb5+ Kc8 34. Qe8+ Kb7 35. Qb5+ Kc8 36. Qe8+ Kb7 37. Qe4+ Kb8 38. Qf3 Qh4+ 39.
Kd1 Qh2 40. Ke1 Qh4+ 41. Kd1 Qh2 42. Rb1 g5 43. Qe4 1/2-1/2

[Event "37. Copenhagen Open (Politiken Cup)"]
[Site "Elsinore"]
[Date "2015.07.26"]
[Round "2"]
[White "Jensen, Hans Askov"]
[Black "Gottschalck, Christian"]
[Result "1-0"]
[WhiteElo "1473"]
[BlackElo "1830"]
[PlyCount "115"]
[EventDate "2015.07.25"]
[EventType "swiss"]
[EventRounds "10"]
[EventCountry "DEN"]
[Source "ChessBase"]
[SourceDate "2015.09.14"]

1. e4 d5 2. exd5 Nf6 3. Bb5+ Bd7 4. Bxd7+ Nbxd7 5. Nc3 Nb6 6. Qf3 Nbxd5 7. Nge2
c6 8. a3 e6 9. O-O Bd6 10. Re1 O-O 11. d3 Qc7 12. h3 Nd7 13. d4 N7f6 14. Nxd5
exd5 15. Bf4 Rfe8 16. Bxd6 Qxd6 17. Qg3 Qd7 18. Qd3 Re7 19. Ng3 Rae8 20. Rxe7
Rxe7 21. c3 Qe8 22. Kf1 Re6 23. Qd2 g6 24. Re1 Rxe1+ 25. Qxe1 Qxe1+ 26. Kxe1 h5
27. h4 Ng4 28. Ke2 f5 29. f3 Nf6 30. Ke3 Kf7 31. Kf4 Nd7 32. Kg5 Nf8 33. Kh6
Kf6 34. Ne2 Ne6 35. g3 a5 36. b3 b5 37. Nc1 f4 38. g4 hxg4 39. fxg4 f3 40. Nd3
Nf4 41. Nf2 Ne2 42. h5 g5 43. Kh7 Kf7 44. Kh6 Nxc3 45. Kxg5 Ne4+ 46. Kf4 Nxf2
47. Kxf3 Ne4 48. Kf4 Kf6 49. h6 Ng5 50. b4 a4 51. Kg3 Ne4+ 52. Kf4 Nc3 53. g5+
Kg6 54. Ke5 Nb1 55. Ke6 Nc3 56. h7 Ne4 57. h8=Q Nxg5+ 58. Ke7 1-0

[Event "37. Copenhagen Open (Politiken Cup)"]
[Site "Elsinore"]
[Date "2015.07.26"]
[Round "2"]
[White "Jensen, Ib"]
[Black "Halvorsen, Benjamin"]
[Result "1-0"]
[WhiteElo "1948"]
[BlackElo "1728"]
[PlyCount "67"]
[EventDate "2015.07.25"]
[EventType "swiss"]
[EventRounds "10"]
[EventCountry "DEN"]
[Source "ChessBase"]
[SourceDate "2015.09.14"]

1. d4 e6 2. Nf3 f5 3. Bg5 Nf6 4. Nc3 c6 5. e4 fxe4 6. Nxe4 d5 7. Ng3 Bd6 8. Bd3
O-O 9. Ne5 Qb6 10. O-O Qxb2 11. Bxf6 Rxf6 12. Qh5 Bxe5 13. dxe5 g6 14. Qg5 Rf8
15. Nh5 Nd7 16. Bxg6 Qxe5 17. Bf5+ Kf7 18. Bxe6+ Kxe6 19. Rae1 Kd6 20. Rxe5
Nxe5 21. Re1 Bf5 22. Ng7 Be4 23. f3 Rxf3 24. Qh6+ Bg6 25. gxf3 Nxf3+ 26. Kf2
Nxe1 27. Kxe1 Kc5 28. Kd2 Kb4 29. Qe3 b6 30. Ne6 Re8 31. Qb3+ Ka5 32. Qa3+ Kb5
33. Nc7+ Kc4 34. Nxe8 1-0

[Event "37. Copenhagen Open (Politiken Cup)"]
[Site "Elsinore"]
[Date "2015.07.26"]
[Round "2"]
[White "Jensen, Morten Frank"]
[Black "Papp, Petra"]
[Result "0-1"]
[WhiteElo "2028"]
[BlackElo "2300"]
[PlyCount "168"]
[EventDate "2015.07.25"]
[EventType "swiss"]
[EventRounds "10"]
[EventCountry "DEN"]
[Source "ChessBase"]
[SourceDate "2015.09.14"]

1. e4 c5 2. Nf3 d6 3. Nc3 a6 4. g3 Nc6 5. Bg2 g6 6. d4 Bg4 7. dxc5 dxc5 8.
Qxd8+ Rxd8 9. Bd2 Bg7 10. h3 Bc8 11. O-O-O Nf6 12. Be3 Nd7 13. Rd2 b5 14. Rhd1
O-O 15. Nd5 e6 16. Nf4 c4 17. Rd6 Ndb8 18. Bb6 Rd7 19. h4 Ne5 20. Ng5 h6 21.
Ngh3 Re8 22. Rxd7 Nexd7 23. Be3 Bb7 24. Bh1 Ne5 25. Ne2 Nbc6 26. f4 Ng4 27. Bb6
Nb8 28. e5 Bxh1 29. Rxh1 Re7 30. Rd1 Rd7 31. Nc3 Rxd1+ 32. Kxd1 Nd7 33. Bd4 Bf8
34. Ne4 Be7 35. Nhf2 Nxf2+ 36. Bxf2 h5 37. Kd2 Kf8 38. Kc3 Ke8 39. a4 Kd8 40.
axb5 axb5 41. b3 cxb3 42. Kxb3 Kc7 43. c4 Kc6 44. cxb5+ Kxb5 45. Kc3 Nb8 46.
Kb3 Na6 47. Nc3+ Kc6 48. Kc4 Nc7 49. Ne4 Nb5 50. Ng5 Bxg5 51. hxg5 Nc7 52. Ba7
Ne8 53. Bg1 Ng7 54. Ba7 Nf5 55. Bf2 Ne7 56. Ba7 Nd5 57. Bf2 h4 58. gxh4 Nxf4
59. Be3 Nd5 60. Bg1 Ne7 61. Ba7 Kb7 62. Bc5 Nf5 63. Bf2 Kc6 64. Be1 Ne3+ 65.
Kd3 Ng2 66. Bg3 Kd5 67. Kd2 Ke4 68. Ke2 Ne3 69. Be1 Ng4 70. Bg3 Nxe5 71. Bh2
Nf3 72. Bg3 Nd4+ 73. Kf2 Nf5 74. h5 gxh5 75. Bb8 Ne7 76. Bc7 Kf5 77. Bd8 Ng6
78. Kg3 e5 79. Kh3 Kf4 80. Bf6 e4 81. Kg2 h4 82. Bd8 Kg4 83. Kf2 h3 84. Bf6 e3+
0-1

[Event "37. Copenhagen Open (Politiken Cup)"]
[Site "Elsinore"]
[Date "2015.07.26"]
[Round "2"]
[White "Jensen, Tobias Ilsoe"]
[Black "Jorgensen, Dennis"]
[Result "1/2-1/2"]
[WhiteElo "2014"]
[BlackElo "2253"]
[PlyCount "77"]
[EventDate "2015.07.25"]
[EventType "swiss"]
[EventRounds "10"]
[EventCountry "DEN"]
[Source "ChessBase"]
[SourceDate "2015.09.14"]

1. d4 Nf6 2. c4 e6 3. Nc3 Bb4 4. Qc2 O-O 5. a3 Bxc3+ 6. Qxc3 b6 7. Bg5 Bb7 8.
f3 h6 9. Bh4 d5 10. e3 Re8 11. cxd5 exd5 12. Bb5 c6 13. Ba4 Qe7 14. Bf2 Ba6 15.
Qd2 Bb5 16. Bxb5 cxb5 17. Ne2 Nc6 18. O-O Na5 19. Rae1 Nc4 20. Qc1 Rac8 21. Nc3
b4 22. axb4 Qxb4 23. Re2 Nxb2 24. Rxb2 Qxc3 25. Qxc3 Rxc3 26. Ra1 Re7 27. Rba2
Ne8 28. Kf1 Rcc7 29. Ke2 Rb7 30. Bg3 f6 31. Kd3 f5 32. Be5 Kf7 33. Rc1 Nf6 34.
Rc6 Nd7 35. Bg3 Re6 36. Rc3 a5 37. Rb3 Ra7 38. Rb5 Nf6 39. Rab2 1/2-1/2

[Event "37. Copenhagen Open (Politiken Cup)"]
[Site "Elsinore"]
[Date "2015.07.26"]
[Round "2"]
[White "Jepsen, Thomas Tange"]
[Black "Maze, Sebastien"]
[Result "0-1"]
[WhiteElo "2115"]
[BlackElo "2575"]
[PlyCount "68"]
[EventDate "2015.07.25"]
[EventType "swiss"]
[EventRounds "10"]
[EventCountry "DEN"]
[Source "ChessBase"]
[SourceDate "2015.09.14"]

1. d4 Nf6 2. c4 g6 3. Nc3 Bg7 4. e4 d6 5. f3 O-O 6. Be3 e5 7. d5 Nh5 8. g4 Nf4
9. Nge2 Nxe2 10. Bxe2 Bf6 11. Qd2 Bh4+ 12. Kd1 c5 13. Kc2 Na6 14. Raf1 Bd7 15.
f4 exf4 16. Bxf4 Qe7 17. Bf3 f6 18. h3 Bg5 19. h4 Bxf4 20. Qxf4 Nc7 21. g5 b5
22. b3 b4 23. Nd1 f5 24. Kc1 a5 25. Re1 fxe4 26. Qxe4 Qg7 27. Qd3 a4 28. Be4
axb3 29. axb3 Ra1+ 30. Kd2 Ra2+ 31. Ke3 Qe5 32. Ref1 Qg3+ 33. Rf3 Rxf3+ 34.
Bxf3 Bf5 0-1

[Event "37. Copenhagen Open (Politiken Cup)"]
[Site "Elsinore"]
[Date "2015.07.26"]
[Round "2"]
[White "Jepson, Christian"]
[Black "Rishovd, Svein"]
[Result "1-0"]
[WhiteElo "2428"]
[BlackElo "2094"]
[PlyCount "107"]
[EventDate "2015.07.25"]
[EventType "swiss"]
[EventRounds "10"]
[EventCountry "DEN"]
[Source "ChessBase"]
[SourceDate "2015.09.14"]

1. Nf3 Nf6 2. c4 e6 3. d4 c5 4. d5 exd5 5. cxd5 d6 6. Nc3 g6 7. e4 Bg7 8. Bg5
h6 9. Bh4 O-O 10. Nd2 a6 11. a4 g5 12. Bg3 Qe7 13. Be2 Nbd7 14. O-O Ne5 15. Qc2
Rb8 16. f4 gxf4 17. Bxf4 Ng6 18. Bg3 Ng4 19. Bxg4 Bxg4 20. Nc4 Ne5 21. Ne3 Bd7
22. Rae1 Ng4 23. Nf5 Bd4+ 24. Kh1 Bxf5 25. exf5 Ne3 26. Qd3 Rfe8 27. Bf4 Nxf1
28. Rxe7 Rxe7 29. Qxf1 Rbe8 30. Bd2 Be3 31. f6 Re5 32. Be1 Bg5 33. Bg3 Bf4 34.
Bxf4 Re1 35. Kg1 Rxf1+ 36. Kxf1 b5 37. axb5 axb5 38. Bxd6 b4 39. Ne2 Rd8 40.
Bxc5 Rxd5 41. Bxb4 Rf5+ 42. Ke1 Rxf6 43. Bc5 Rg6 44. g3 Rg5 45. b4 Kg7 46. Kd2
Kf6 47. Nc3 Ke6 48. Be3 Rh5 49. h4 Kd6 50. Kd3 Ke6 51. Kd4 Kd6 52. Bf4+ Kc6 53.
Ke4 Kb6 54. Kf3 1-0

[Event "37. Copenhagen Open (Politiken Cup)"]
[Site "Elsinore"]
[Date "2015.07.26"]
[Round "2"]
[White "Jernselius, Kjell"]
[Black "Larsen, Steen"]
[Result "1-0"]
[WhiteElo "1768"]
[BlackElo "1141"]
[PlyCount "69"]
[EventDate "2015.07.25"]
[EventType "swiss"]
[EventRounds "10"]
[EventCountry "DEN"]
[Source "ChessBase"]
[SourceDate "2015.09.14"]

1. d4 e6 2. Nf3 d5 3. Bf4 Bb4+ 4. c3 Ba5 5. e3 Nf6 6. Bd3 Bb6 7. Nbd2 c5 8. O-O
Bd7 9. Ne5 O-O 10. Bg5 Nc6 11. Qe2 Qe7 12. Nxd7 Qxd7 13. Bxf6 gxf6 14. Qh5 Rfe8
15. Qh6 f5 16. Nf3 f6 17. Qxf6 Qg7 18. Qxg7+ Kxg7 19. Bb5 Rf8 20. Bxc6 bxc6 21.
Ne5 Rac8 22. Nd7 c4 23. Nxf8 Rxf8 24. f4 c5 25. Rf3 Bc7 26. b3 Rb8 27. Rb1 Ba5
28. b4 cxd4 29. exd4 a6 30. Re1 Bxb4 31. cxb4 Rxb4 32. Rxe6 c3 33. Rxc3 Rxd4
34. Rc7+ Kf8 35. Rxa6 1-0

[Event "37. Copenhagen Open (Politiken Cup)"]
[Site "Elsinore"]
[Date "2015.07.26"]
[Round "2"]
[White "Johannesen, Lars Peter Meldgaar"]
[Black "Quinn, David"]
[Result "1/2-1/2"]
[WhiteElo "1718"]
[BlackElo "1947"]
[PlyCount "83"]
[EventDate "2015.07.25"]
[EventType "swiss"]
[EventRounds "10"]
[EventCountry "DEN"]
[Source "ChessBase"]
[SourceDate "2015.09.14"]

1. e4 e5 2. Nf3 Nc6 3. Bc4 Nf6 4. d3 h6 5. Nc3 Be7 6. h3 d6 7. Be3 Bd7 8. a3 a6
9. Qd2 Na5 10. Ba2 c5 11. Nd5 Nxd5 12. Bxd5 Nc6 13. Nh2 Be6 14. O-O Qd7 15.
Bxe6 Qxe6 16. f4 exf4 17. Bxf4 Ne5 18. Nf3 Ng6 19. Be3 O-O 20. Nh2 d5 21. exd5
Qxd5 22. Rf2 Bh4 23. Rff1 Rae8 24. c3 Re6 25. Nf3 Bg3 26. Bf2 Bf4 27. Qc2 Rd8
28. d4 Be3 29. Bxe3 Rxe3 30. Rae1 Rde8 31. Qd2 R3e4 32. Rxe4 Rxe4 33. Re1 cxd4
34. Rxe4 Qxe4 35. Nxd4 Nf4 36. Qc2 Nd3 37. Qd2 Nf4 38. Qc2 Qe1+ 39. Kh2 Qf1 40.
Qd2 Nd3 41. Qc2 Nf2 42. Qe2 1/2-1/2

[Event "37. Copenhagen Open (Politiken Cup)"]
[Site "Elsinore"]
[Date "2015.07.26"]
[Round "2"]
[White "Karlsson, Ulf"]
[Black "Matthiesen, Martin"]
[Result "0-1"]
[WhiteElo "2041"]
[BlackElo "2347"]
[PlyCount "60"]
[EventDate "2015.07.25"]
[EventType "swiss"]
[EventRounds "10"]
[EventCountry "DEN"]
[Source "ChessBase"]
[SourceDate "2015.09.14"]

1. e4 e5 2. Nf3 Nc6 3. d4 exd4 4. Nxd4 Nf6 5. Nc3 Bb4 6. Nxc6 bxc6 7. Bd3 d5 8.
exd5 O-O 9. O-O cxd5 10. Bg5 c6 11. Ne2 h6 12. Bh4 Bd6 13. Nd4 c5 14. Nb5 Bb8
15. c4 Bb7 16. Nc3 g5 17. Bg3 Bxg3 18. hxg3 d4 19. Ne2 Qd6 20. Qc2 Rae8 21.
Rfe1 Ng4 22. f3 Ne5 23. Kf2 Qf6 24. Ng1 Ng4+ 25. Kf1 Ne3+ 26. Rxe3 Rxe3 27. g4
Rfe8 28. Kf2 h5 29. Bf5 hxg4 30. Bxg4 R8e4 0-1

[Event "37. Copenhagen Open (Politiken Cup)"]
[Site "Elsinore"]
[Date "2015.07.26"]
[Round "2"]
[White "Keen, Cosima C"]
[Black "Langvik, Ulrikke"]
[Result "1-0"]
[WhiteElo "1821"]
[BlackElo "1405"]
[PlyCount "155"]
[EventDate "2015.07.25"]
[EventType "swiss"]
[EventRounds "10"]
[EventCountry "DEN"]
[Source "ChessBase"]
[SourceDate "2015.09.14"]

1. e4 e6 2. d4 d5 3. Nd2 c5 4. Ngf3 Nc6 5. exd5 exd5 6. dxc5 Bxc5 7. Nb3 Qe7+
8. Be2 Be6 9. O-O Nf6 10. Nxc5 Qxc5 11. Be3 Qd6 12. c3 O-O 13. Qa4 Ne4 14. Rad1
Rac8 15. Bd3 f5 16. g3 Qe7 17. Bb1 Rfd8 18. Rfe1 Qf7 19. Nd4 Nxd4 20. Rxd4 a6
21. f3 Nc5 22. Qa3 Nd7 23. Bf4 Re8 24. Bc2 Nf6 25. Bd3 Bd7 26. Rxe8+ Rxe8 27.
Kf2 Qe6 28. Bd2 Bb5 29. c4 Bxc4 30. Bxc4 dxc4 31. Qe3 Qxe3+ 32. Bxe3 b5 33. Rd6
a5 34. Bd4 Rf8 35. Ra6 Rd8 36. Be3 a4 37. Bg5 Kf7 38. Bxf6 gxf6 39. Ke2 Kg6 40.
Rc6 h6 41. Rc5 Rb8 42. Ke3 Re8+ 43. Kf2 Re5 44. Rc7 Rd5 45. Ke2 f4 46. g4 f5
47. h3 fxg4 48. hxg4 h5 49. Rc8 hxg4 50. Rg8+ Kf5 51. Rxg4 b4 52. Rg1 c3 53.
bxc3 bxc3 54. Rc1 Rd2+ 55. Ke1 Rxa2 56. Rxc3 a3 57. Kd1 Ke5 58. Rd3 Kf5 59. Kc1
Kg5 60. Kb1 Re2 61. Rxa3 Re3 62. Ra2 Rxf3 63. Rg2+ Kh4 64. Kc1 Kh3 65. Rg6 Rg3
66. Rf6 Kg4 67. Kd1 Kf3 68. Ke1 Rg4 69. Kf1 Rh4 70. Kg1 Kg3 71. Rg6+ Kf3 72.
Rf6 Rg4+ 73. Kf1 Kg3 74. Kg1 f3 75. Kf1 Rg5 76. Rf7 Re5 77. Rg7+ Kf4 78. Kf2
1-0

[Event "37. Copenhagen Open (Politiken Cup)"]
[Site "Elsinore"]
[Date "2015.07.26"]
[Round "2"]
[White "Kistrup, Nicolai"]
[Black "Engel, Luis"]
[Result "1-0"]
[WhiteElo "1986"]
[BlackElo "2200"]
[PlyCount "93"]
[EventDate "2015.07.25"]
[EventType "swiss"]
[EventRounds "10"]
[EventCountry "DEN"]
[Source "ChessBase"]
[SourceDate "2015.09.14"]

1. d4 Nf6 2. Nf3 g6 3. c4 Bg7 4. Nc3 O-O 5. Bg5 d6 6. e3 Nbd7 7. Be2 Re8 8. O-O
c6 9. Qc2 Qc7 10. Rac1 e5 11. Rfd1 Nf8 12. b4 Bf5 13. Qb3 Ne4 14. Nxe4 Bxe4 15.
dxe5 dxe5 16. Nd2 Bf5 17. c5 Be6 18. Bc4 f5 19. f3 Kh8 20. Bh4 a5 21. a3 axb4
22. axb4 h6 23. Rb1 g5 24. Bf2 Re7 25. Bxe6 Rxe6 26. e4 f4 27. Nc4 h5 28. Ra1
Rxa1 29. Rxa1 g4 30. Nd6 b5 31. Ra8 Rg6 32. Bh4 Kh7 33. Kf1 Ne6 34. Re8 Nf8 35.
Re7 Qb8 36. Qf7 gxf3 37. gxf3 Qa8 38. Ra7 Qb8 39. Bf6 Ne6 40. Ne8 Qc8 41. Kf2
Qxe8 42. Qxe8 Rxf6 43. Qxh5+ Kg8 44. Ra8+ Rf8 45. Rxf8+ Kxf8 46. Qg6 Nd4 47. h4
1-0